000 00612nam a2200181Ia 4500
008 230917s9999||||xx |||||||||||||| ||und||
020 _cRS3990
040 _e211890
_aMAIN
041 _aEnglish
082 _a346.022 M34L(3)
100 _aMarkanda, P C
245 0 _aLaw of Contract with special emphasis on the law relating to Government Law of Contract with special emphasis on the law relating to Government contracts, tenders and blacklisting. 2V
250 _a3rd ed.
260 _aGurgaon
_bLexisNexis
_c2013
300 _av. p.
500 _a3857 31/10/2013 123 23/11/2013 Main Budget
942 _cBK
999 _c34025
_d34025